00740nam a2200205 a 450000100100000000500170001000800410002702000150006804000250008308200150010810000370012324501210016026000360028130000210031770000270033870000300036504900090039595201130040499900170051700002533020240502094959.0101216s1992 cu r 000 | spa d a2855662036 aDO-SdBNPbspacBNPHU axxxbC355e1 aCastro, Fideld 1926-201691697110aEcología y desarrollo :bselección temática : 1963-1992 /cFidel Castro; edición Nora Madan y Blanca Zabala. aLa Habana :bPolítica,c1992. a116 p. ;c19 cm.1 aNora Madaneed.9354811 aBlanca Zabalaeed.951879 aBNGR 001050718MOaGRbGRcCTd2011-02-14iLF1l0oxxx C355ep25330-10r2020-06-25w2020-06-25y1ZNo se presta c24822d24822